Quel est ce jeu vidéo? - Statistiques

Statistiques générales
  • Ce quiz a été pris 85 fois
  • Le résultat moyen est 8 sur 15
Statistiques - réponses
Hint Réponse % Correct
Dans ce jeu sorti en 2011, le joueur peut miner, construire et survivre dans un monde généré aléatoirement composé de blocs. Minecraft
100%
Ce jeu post-apocalyptique raconte le voyage d’un adulte et d’une adolescente à travers un monde ravagé par une infection. The Last of Us
85%
Ce jeu en monde ouvert permet d’incarner plusieurs personnages et de participer à des braquages dans une grande ville moderne. Grand Theft Auto V
73%
Ce jeu mélange football et voitures, où les joueurs utilisent des véhicules propulsés pour marquer des buts spectaculaires dans des arènes fermées. Rocket League
72%
Dans ce jeu multijoueur coloré, cent joueurs s’affrontent sur une île en construisant des structures tout en cherchant à être le dernier survivant. Fortnite
65%
Dans ce jeu en monde ouvert se déroulant à la fin du XIXᵉ siècle, le joueur incarne un hors-la-loi confronté au déclin du Far West et à des choix moraux importants. Red Dead Redemption 2
58%
Ce jeu de combat réunit des personnages issus de nombreuses licences différentes dans des affrontements sur plateformes. Super Smash Bros
57%
Dans ce jeu d’aventure emblématique de Nintendo, le joueur explore un vaste monde fantastique, résout des énigmes et affronte des ennemis pour sauver un royaume. The Legend of Zelda
54%
Ce RPG médiéval permet au joueur d’explorer librement un immense monde rempli de dragons, de quêtes et de factions. Skyrim
53%
Dans ce jeu de tir multijoueur futuriste, les joueurs peuvent courir sur les murs et utiliser des compétences avancées. Call of Duty
41%
Dans ce jeu indépendant réputé pour sa difficulté, le joueur affronte des boss exigeants dans un univers sombre et mystérieux. Dark Souls
38%
Ce jeu d’aventure met en scène un chasseur de monstres professionnel dans un monde fantastique riche en choix narratifs. The Witcher
38%
Ce jeu de survie horrifique met le joueur face à des créatures terrifiantes avec des ressources très limitées. Resident Evil
34%
Dans ce jeu de tir à la première personne, le joueur incarne un scientifique luttant pour survivre après une expérience qui tourne mal. Half-Life
16%
Ce jeu d’horreur coopératif place les joueurs dans des expériences traumatisantes où ils doivent survivre, s’infiltrer et fuir sans pouvoir se défendre efficacement. The Outlast Trials
1%
Aucun quiz correspondant
Distribution des résultats
% des personnes avec chaque résultat
Percentile par nombre de réponses
Votre historique - résultats
Vous n’avez pas pris ce quiz